[Event "8 Player Open 16"]
[Site "SchemingMind.com"]
[Date "2014.10.31"]
[Round "-"]
[White "Eric111"]
[Black "Chessibelle"]
[Result "1-0"]
[WhiteCountry "USA"]
[BlackCountry "ENG"]
[WhiteElo "1467"]
[WhiteRD "49"]
[BlackElo "1223"]
[BlackRD "58"]
[GameID "367991"]

1. e4 e5 2. Nf3 Nc6 3. Bc4 h6 4. d4 Bb4+ 5. c3 Bd6 6. Be3 Na5 7. Qd3 b6 8. b4 Nxc4 9. Qxc4 Nf6 10. dxe5 Be7
11. exf6 Bxf6 12. O-O O-O 13. Rd1 Re8 14. Bf4 Bb7 15. Nbd2 c6 16. e5 b5 17. Qb3 Be7 18. Re1 a6 19. Rad1 Kf8 20. c4 g5
21. Be3 Qc7 22. cxb5 cxb5 23. Rc1 Qb8 24. Qb2 Kg8 25. Bc5 d6 26. exd6 Bf8 27. Rxe8 Qxe8 28. Re1 Qd7 29. Nd4 Qg4 30. g3 Bg7
31. Re7 Qd1+ 32. Nf1 Qg4 33. Qd2 Bf6 34. Rxb7 Re8 35. Ne3 Qe4 36. d7 Qb1+ 37. Nf1 Re1 38. Rb8+ Kg7 39. Re8 Rxf1+ 40. Kg2 Rg1+
41. Kf3 Qf5+ 42. Nxf5+ Kg6 43. Ne7+ Kh5 44. Bd4 g4+ 45. Kf4 Bg5+ 46. Kf5 Bxd2 47. d8=Q Rb1 48. Bf6 Rxb4 49. Qxd2
1-0

[Event "8 Player Open 16"]
[Site "SchemingMind.com"]
[Date "2014.10.31"]
[Round "-"]
[White "Chessibelle"]
[Black "Eric111"]
[Result "0-1"]
[WhiteCountry "ENG"]
[BlackCountry "USA"]
[WhiteElo "1223"]
[WhiteRD "58"]
[BlackElo "1467"]
[BlackRD "49"]
[GameID "367992"]

1. Nf3 Nf6 2. d4 d5 3. Nc3 Nc6 4. e3 Bg4 5. Be2 e6 6. O-O Bxf3 7. Bxf3 a6 8. Re1 Qd6 9. a3 Be7 10. Qd3 O-O
11. Ne2 b5 12. Nf4 e5 13. Ne2 e4 14. Bxe4 Nxe4 15. Nf4 Bh4 16. Qe2 Bg5 17. Qg4 Bxf4 18. exf4 Nf6 19. Qg3 Nxd4 20. Qd3 Nc6
21. g3 Rfe8 22. Bd2 Rxe1+ 23. Rxe1 Re8 24. Rf1 h6 25. Bc3 d4 26. Bd2 Qd7 27. Qf3 Ne7 28. Bb4 Nf5 29. g4 Nh4 30. Qh3 Qxg4+
31. Qxg4 Nxg4 32. c3 dxc3 33. Bxc3 Re6 34. Rd1 Rg6 35. Rd8+ Kh7 36. Kf1 Rd6 37. Rc8 Rc6 38. Rf8 f6 39. Rf7 Nf3 40. h3 Ngh2+
41. Kg2 Rd6 42. Bb4 Rd1 43. h4 Kg6 44. Rxc7 Kf5 45. Rc5+ Kg4 46. Rc7 Rg1#
0-1

[Event "8 Player Open 16"]
[Site "SchemingMind.com"]
[Date "2014.10.31"]
[Round "-"]
[White "mmccaffe"]
[Black "Chessibelle"]
[Result "1-0"]
[WhiteCountry "USA"]
[BlackCountry "ENG"]
[WhiteElo "1690"]
[WhiteRD "57"]
[BlackElo "1223"]
[BlackRD "58"]
[GameID "367993"]

1. d4 d5 2. c4 Nf6 3. Nc3 e6 4. Bg5 Be7 5. e3 Nc6 6. Nf3 h6 7. Bxf6 Bxf6 8. cxd5 exd5 9. Rc1 O-O 10. Bd3 Re8
11. O-O g5 12. a3 a6 13. Na4 b5 14. Rxc6 Bb7 15. Rc3 Qd7 16. Nc5 Qc8 17. Nxb7 Qxb7 18. Qc2 Kf8 19. Rxc7 Qb8 20. Rc1 Qb6
21. Qc6 Qa5 22. Qxf6 Re7 23. Qh8#
1-0

[Event "8 Player Open 16"]
[Site "SchemingMind.com"]
[Date "2014.10.31"]
[Round "-"]
[White "Chessibelle"]
[Black "mmccaffe"]
[Result "0-1"]
[WhiteCountry "ENG"]
[BlackCountry "USA"]
[WhiteElo "1223"]
[WhiteRD "58"]
[BlackElo "1690"]
[BlackRD "57"]
[GameID "367994"]

1. Nf3 Nf6 2. d4 d5 3. Nc3 e6 4. e3 c5 5. Bb5+ Nc6 6. Ne5 Bd7 7. Bd3 c4 8. Be2 a6 9. O-O b5 10. b3 cxb3
11. cxb3 Bd6 12. Bd3 Nb4 13. Be2 Rc8 14. Bd2 Nc6 15. a4 Nxe5 16. dxe5 Bxe5 17. Rc1 b4 18. Na2 a5 19. g3 O-O 20. Bd3 Rxc1
21. Nxc1 Qc7 22. f4 Bc3 23. Rf2 Rc8 24. Bc2 Bxd2 25. Rxd2 Ne4 26. Re2 Nc3 27. Qd3 Nxe2+ 28. Nxe2 Qxc2 29. Qa6 Qc7 30. Nd4 f6
31. Qd3 Qc3 32. Qe2 e5 33. fxe5 fxe5 34. Nf3 Bg4 35. Qf2 Rf8 36. Qe2 Bxf3
0-1

[Event "8 Player Open 16"]
[Site "SchemingMind.com"]
[Date "2014.10.31"]
[Round "-"]
[White "michel"]
[Black "Chessibelle"]
[Result "1-0"]
[WhiteCountry "CAN"]
[BlackCountry "ENG"]
[WhiteElo "2340"]
[WhiteRD "61"]
[BlackElo "1223"]
[BlackRD "58"]
[GameID "367995"]

1. e4 e5 2. Nf3 Nc6 3. d4 d6 4. dxe5 Bd7 5. exd6 Bxd6 6. Bd3 Nf6 7. h3 g6 8. O-O Qc8 9. e5 Nxe5 10. Nxe5 Bxe5
11. Re1 O-O 12. Rxe5 a6 13. Nc3 b5 14. Qf3 Nh5 15. Nd5 Kg7 16. Rxh5 Qe8 17. Bh6+ Kh8 18. Qf6+
1-0

[Event "8 Player Open 16"]
[Site "SchemingMind.com"]
[Date "2014.10.31"]
[Round "-"]
[White "Chessibelle"]
[Black "michel"]
[Result "0-1"]
[WhiteCountry "ENG"]
[BlackCountry "CAN"]
[WhiteElo "1223"]
[WhiteRD "58"]
[BlackElo "2340"]
[BlackRD "61"]
[GameID "367996"]

1. Nf3 d6 2. d4 Nf6 3. e3 Nbd7 4. Nc3 e5 5. Bb5 c6 6. Bd3 Be7 7. b3 O-O 8. O-O Re8 9. g3 Bf8 10. Ne4 Nxe4
11. Bxe4 d5 12. Bd3 e4 13. Be2 exf3 14. Bxf3 Nf6 15. c4 Bh3 16. Re1 Ne4 17. Qd3 Qf6 18. Qe2 Ng5 19. Bg4 Bxg4 20. Qxg4 Nf3+
21. Kf1 Nxh2+
0-1

[Event "8 Player Open 16"]
[Site "SchemingMind.com"]
[Date "2014.10.30"]
[Round "-"]
[White "Adrian Grajczak"]
[Black "Chessibelle"]
[Result "1-0"]
[WhiteCountry "POL"]
[BlackCountry "ENG"]
[WhiteElo "2175"]
[WhiteRD "81"]
[BlackElo "1212"]
[BlackRD "55"]
[GameID "367997"]

1. e4 e5 2. Nf3 Nc6 3. Bb5 Qf6 4. O-O d6 5. d4 Bd7 6. d5 Nb8 7. Nc3 Qd8 8. Be3 b6 9. Be2 Be7 10. Nd2 Nf6
11. f4 O-O 12. fxe5 dxe5 13. Nc4 c6 14. d6 b5 15. dxe7 Qxe7 16. Nd2 c5 17. Nxb5 a6 18. Nc7 Ra7 19. Nd5 Qe6 20. Bxc5 Nc6
21. Bxa7 Nxa7 22. c4 g6 23. Rxf6 Qe8 24. Rxa6 Nc8 25. Nf6+
1-0

[Event "8 Player Open 16"]
[Site "SchemingMind.com"]
[Date "2014.10.30"]
[Round "-"]
[White "Chessibelle"]
[Black "Adrian Grajczak"]
[Result "0-1"]
[WhiteCountry "ENG"]
[BlackCountry "POL"]
[WhiteElo "1212"]
[WhiteRD "55"]
[BlackElo "2175"]
[BlackRD "81"]
[GameID "367998"]

1. Nf3 c5 2. Nc3 Nc6 3. e4 e6 4. d3 d6 5. Be2 Nf6 6. Bg5 Be7 7. d4 cxd4 8. Nxd4 O-O 9. O-O a6 10. Nf3 h6
11. Be3 Qc7 12. g3 Bd7 13. b3 b5 14. a4 b4 15. Na2 Nxe4 16. Qd3 d5 17. Bf4 Qb7 18. c3 bxc3 19. Nxc3 Nxc3 20. Qxc3 Bf6
21. Ne5 d4 22. Qd3 Nxe5 23. f3 Nxd3
0-1

[Event "8 Player Open 16"]
[Site "SchemingMind.com"]
[Date "2014.10.30"]
[Round "-"]
[White "Chessibelle"]
[Black "frankly"]
[Result "0-1"]
[WhiteCountry "ENG"]
[BlackCountry "ENG"]
[WhiteElo "1223"]
[WhiteRD "58"]
[BlackElo "2395"]
[BlackRD "63"]
[GameID "367999"]

1. Nf3 Nf6 2. d4 d5 3. Nc3 c5 4. e3 Nc6 5. Bb5 e6 6. O-O Be7 7. Ne5 Qc7 8. Bd2 O-O 9. Bd3 Nxe5 10. Bb5 Ng6
11. g3 c4 12. b3 a6 13. Ba4 b5 14. Nxb5 axb5 15. Bxb5 e5 16. Qe2 Bh3 17. bxc4 Bxf1 18. Rxf1 Rxa2 19. Bc1 Ne4 20. cxd5 Rxc2
21. Qd3 Nxf2 22. Qf5 Rxc1 23. Qxf2 Rxf1+ 24. Qxf1 exd4 25. exd4 Bf6 26. Qa1 Qb6 27. Qa4 Rb8 28. Bf1 Bxd4+ 29. Kg2 Qb2+ 30. Kh3 Qf2
31. Bd3 Nf4+ 32. Kg4 h5+ 33. Kg5 f6+ 34. Kf5 g6+
0-1

[Event "8 Player Open 16"]
[Site "SchemingMind.com"]
[Date "2014.10.30"]
[Round "-"]
[White "frankly"]
[Black "Chessibelle"]
[Result "1-0"]
[WhiteCountry "ENG"]
[BlackCountry "ENG"]
[WhiteElo "2395"]
[WhiteRD "63"]
[BlackElo "1223"]
[BlackRD "58"]
[GameID "368000"]

1. d4 d5 2. c4 Nf6 3. Nf3 Nc6 4. cxd5 Nxd5 5. e4 Nf6 6. d5 Nb8 7. Nc3 g6 8. e5 Ng8 9. Bc4 Bd7 10. O-O Bg7
11. Re1 Nh6 12. Bg5 O-O 13. d6 Nf5 14. dxe7 Nxe7 15. Nd5 Nbc6 16. Nd4 Kh8 17. Nxc6 Qc8 18. Ncxe7 Qe8 19. Nxc7 Qb8 20. Qxd7 a6
21. Nxg6+ fxg6 22. Bf6 Bxf6 23. exf6 Rxf6 24. Re7
1-0

[Event "8 Player Open 16"]
[Site "SchemingMind.com"]
[Date "2014.11.01"]
[Round "-"]
[White "Derek Price"]
[Black "Dinomat"]
[Result "0-1"]
[WhiteCountry "ENG"]
[BlackCountry "GER"]
[WhiteElo "2309"]
[WhiteRD "82"]
[BlackElo "2474"]
[BlackRD "114"]
[GameID "368001"]

1. e4 e5 2. Nf3 Nc6 3. Bb5 Nf6 4. d3 d6 5. c3 Be7 6. Nbd2 O-O 7. Nf1 Re8 8. Ng3 a6 9. Ba4 d5 10. O-O dxe4
11. dxe4 b5 12. Bb3 Qxd1 13. Rxd1 Bc5 14. h3 h6 15. a3 Na5 16. Bc2 Nc4 17. Re1 Bb7 18. a4 Nd6 19. Be3 Bxe3 20. Rxe3 Nd7
21. Re2 Nc5 22. Ree1 f6 23. a5 Rad8 24. b4 Ne6 25. Bb3 Nc4 26. Red1 h5 27. Bc2 Nf4 28. Kf1 c5 29. bxc5 Kf8 30. Nh4 g5
31. Nf3 h4 32. Nf5 Ne6 33. Nd6 Nxd6 34. cxd6 Nc5 35. c4 bxc4 36. Rab1 Bxe4 37. Bxe4 Nxe4 38. Rb6 Rd7 39. Rxa6 Rc8 40. Rb6 c3
41. a6 c2 42. Rc1 Rxd6 43. Rxd6 Nxd6 44. Ne1 Ra8 45. Nxc2 Rxa6 46. Ne3 Kf7 47. Rc2 Ke6 48. Ke2 Ne4 49. Rb2 f5 50. f3 Ra2
51. Rxa2 Nc3+ 52. Kd3 Nxa2 53. Nc2 Nc1+ 54. Ke3 Nb3 55. Kd3 Na5 56. Nb4 Kd6 57. Nc2 Nc6 58. Ne3 Ne7 59. Nc4+ Ke6 60. Ke2 Kd5
61. Ne3+ Kd4 62. Nc2+ Kc4 63. Ne3+ Kc3 64. Nd1+ Kd4 65. Ne3 e4 66. Nc2+ Kc4 67. Ne3+ Kc3 68. Nd1+ Kd4 69. Ne3 Ke5 70. Kf2 Kf4
71. Nc2 Nd5 72. Nd4 e3+ 73. Ke1 Nb4 74. Ke2 Ke5 75. Nb5 Nd5 76. Na3 Kf4 77. Nc2 Kg3 78. Kf1 e2+
0-1

[Event "8 Player Open 16"]
[Site "SchemingMind.com"]
[Date "2014.11.01"]
[Round "-"]
[White "Dinomat"]
[Black "Derek Price"]
[Result "1-0"]
[WhiteCountry "GER"]
[BlackCountry "ENG"]
[WhiteElo "2383"]
[WhiteRD "138"]
[BlackElo "2331"]
[BlackRD "73"]
[GameID "368002"]

1. d4 d5 2. c4 c6 3. Nf3 Nf6 4. Nc3 e6 5. Bg5 h6 6. Bh4 dxc4 7. e4 g5 8. Bg3 b5 9. a3 a6 10. Ne5 Bb7
11. h4 Bg7 12. Bxc4 c5 13. Qb3 cxd4 14. Nxf7 Kxf7 15. Bxe6+ Kf8 16. Qb4+ Ke8 17. Bf5 Rf8 18. Bg6+ Rf7 19. Qb3 Qe7 20. Bd6 Qd7
21. hxg5 dxc3 22. gxf6 Bxf6 23. O-O-O cxb2+ 24. Kb1
1-0

[Event "8 Player Open 16"]
[Site "SchemingMind.com"]
[Date "2014.11.01"]
[Round "-"]
[White "Eric111"]
[Black "Dinomat"]
[Result "0-1"]
[WhiteCountry "USA"]
[BlackCountry "GER"]
[WhiteElo "1467"]
[WhiteRD "49"]
[BlackElo "2365"]
[BlackRD "220"]
[GameID "368003"]

1. c4 e5 2. Nc3 Bb4 3. Qc2 Nf6 4. d3 O-O 5. Nf3 Re8 6. e4 c6 7. Bg5 d5 8. cxd5 cxd5 9. Bxf6 Qxf6 10. O-O-O Bxc3
11. Qxc3 Bg4 12. Be2 Rc8
0-1

[Event "8 Player Open 16"]
[Site "SchemingMind.com"]
[Date "2014.11.01"]
[Round "-"]
[White "Dinomat"]
[Black "Eric111"]
[Result "1-0"]
[WhiteCountry "GER"]
[BlackCountry "USA"]
[WhiteElo "2383"]
[WhiteRD "138"]
[BlackElo "1468"]
[BlackRD "48"]
[GameID "368004"]

1. e4 c5 2. Nf3 Nc6 3. Bb5 d6 4. O-O Bd7 5. Re1 a6 6. Bxc6 Bxc6 7. d4 cxd4 8. Nxd4 g6 9. Nxc6 bxc6 10. Qd4 Nf6
11. e5 dxe5 12. Qxe5 Bg7 13. Nc3 Ra7 14. Qc5 Qd7 15. Bf4 O-O 16. Rad1 Qb7 17. Na4 Re8 18. c4 e6 19. Nb6 Qe7 20. Qxc6 a5
21. Nc8 Qc7 22. Bxc7
1-0

[Event "8 Player Open 16"]
[Site "SchemingMind.com"]
[Date "2014.11.01"]
[Round "-"]
[White "mmccaffe"]
[Black "Dinomat"]
[Result "0-1"]
[WhiteCountry "USA"]
[BlackCountry "GER"]
[WhiteElo "1718"]
[WhiteRD "59"]
[BlackElo "2386"]
[BlackRD "140"]
[GameID "368005"]

1. d4 Nf6 2. c4 e6 3. Nf3 d5 4. Nc3 c6 5. e3 Nbd7 6. c5 Qc7 7. Be2 b6 8. b4 a5 9. cxb6 Qxb6 10. bxa5 Qxa5
11. Bd2 Qa3 12. O-O Ba6 13. Bxa6 Qxa6 14. Qe2 Qxe2 15. Nxe2 Ba3 16. Bc1 Ne4 17. Bxa3 Rxa3 18. Rfd1 c5 19. dxc5 Ndxc5 20. Nd2 Ke7
21. Nxe4 Nxe4 22. Rdc1 Rha8 23. Rc2 h5 24. f3 Nd6 25. Rc7+ Kd8 26. Rc2 Rxe3 27. Kf2 Rea3 28. Nd4 Kd7 29. Rb2 Nc4 30. Rc2 e5
31. Nf5 g6 32. Ne3 Nxe3 33. Re2 d4
0-1

[Event "8 Player Open 16"]
[Site "SchemingMind.com"]
[Date "2014.11.01"]
[Round "-"]
[White "Dinomat"]
[Black "mmccaffe"]
[Result "1-0"]
[WhiteCountry "GER"]
[BlackCountry "USA"]
[WhiteElo "2365"]
[WhiteRD "220"]
[BlackElo "1690"]
[BlackRD "57"]
[GameID "368006"]

1. d4 d5 2. c4 e6 3. Nc3 Nf6 4. cxd5 exd5 5. Bg5 Be7 6. e3 c6 7. Bd3 h6 8. Bh4 O-O 9. Nge2 Nbd7 10. Qc2 Re8
11. O-O Nf8 12. Bg3 Ne6 13. Rad1 Nh5 14. Be5 Bd6 15. f4 Nf6 16. Ng3 Bd7 17. Bxd6
1-0

[Event "8 Player Open 16"]
[Site "SchemingMind.com"]
[Date "2014.11.04"]
[Round "-"]
[White "michel"]
[Black "Dinomat"]
[Result "1/2-1/2"]
[WhiteCountry "CAN"]
[BlackCountry "GER"]
[WhiteElo "2323"]
[WhiteRD "61"]
[BlackElo "2383"]
[BlackRD "138"]
[GameID "368007"]

1. e4 e5 2. Nf3 Nc6 3. d4 exd4 4. Nxd4 Nf6 5. Nxc6 bxc6 6. e5 Qe7 7. Qe2 Nd5 8. c4 Ba6 9. b3 g6 10. Bb2 Bg7
11. g3 O-O 12. Bg2 Rae8 13. O-O Bxe5 14. Bxe5 Qxe5 15. Qxe5 Rxe5 16. cxd5 Bxf1 17. Kxf1 cxd5 18. Nc3 c6 19. Rd1 Kg7 20. Ne2 a5
21. Rd4= Re7 22. Ra4 Ra8 23. Ke1 f5 24. Kd2 Ree8 25. Nc1 h6 26. Nd3 Kf6 27. h4 g5 28. Ne1 Rf8 29. Kd3 Ke7 30. Nf3 f4
31. hxg5 fxg3 32. gxh6 Rf6 33. fxg3 Rxh6 34. g4 Rf8 35. Nd4 Rh2 36. Bf3=
1/2-1/2

[Event "8 Player Open 16"]
[Site "SchemingMind.com"]
[Date "2014.11.04"]
[Round "-"]
[White "Dinomat"]
[Black "michel"]
[Result "1/2-1/2"]
[WhiteCountry "GER"]
[BlackCountry "CAN"]
[WhiteElo "2383"]
[WhiteRD "138"]
[BlackElo "2323"]
[BlackRD "61"]
[GameID "368008"]

1. d4 Nf6 2. c4 d6 3. Nf3 g6 4. Nc3 Bf5 5. Qb3 b6 6. g3 Bg7 7. Bg2 Nc6 8. Qb5 a6 9. Qa4 Bd7 10. Qc2 O-O
11. O-O b5 12. e4 b4 13. Ne2 e5 14. d5 Na5 15. Bd2 Rb8 16. b3 c6 17. Ne1 cxd5 18. cxd5 Nb7 19. Bxb4 Rc8 20. Qd1 a5
21. Bd2 Bb5 22. Rc1 Nc5 23. f3 Qb6 24. Be3 Bh6 25. Bxh6 Bxe2 26. Qxe2 Nxb3+ 27. Qf2 Qxf2+ 28. Rxf2 Nxc1=
1/2-1/2

[Event "8 Player Open 16"]
[Site "SchemingMind.com"]
[Date "2014.11.01"]
[Round "-"]
[White "Adrian Grajczak"]
[Black "Dinomat"]
[Result "0-1"]
[WhiteCountry "POL"]
[BlackCountry "GER"]
[WhiteElo "2218"]
[WhiteRD "74"]
[BlackElo "2438"]
[BlackRD "124"]
[GameID "368009"]

1. e4 e5 2. Nf3 Nc6 3. Bb5 Nf6 4. d3 Bc5 5. c3 O-O 6. O-O d6 7. Qe2 Bb6 8. h3 Ne7 9. Be3 Ng6 10. Nbd2 Nh5
11. d4 Nhf4 12. Qd1 c6 13. Ba4 Qd7 14. Bb3 Nxg2 15. Kxg2 Qxh3+ 16. Kg1 exd4 17. Ng5 Qh4 18. cxd4 d5 19. Ndf3 Qg4+ 20. Kh1 f6
21. Rg1 fxg5 22. Rxg4 Bxg4 23. Kg1 Bxf3 24. Qc2 Nf4 25. exd5 Rf6 26. dxc6+ Kh8 27. cxb7 Rd8 28. Bxf4 Rxf4 29. Kh2 Bxb7 30. Rf1 Rc8
31. Re1 Rcf8 32. f3 Rh4+ 33. Kg2 Bxf3+ 34. Kg3 Rg4+ 35. Kh2 Bxd4 36. Be6 Rh4+ 37. Kg3 Rhf4 38. b4 Ba8 39. Re2 h5
0-1

[Event "8 Player Open 16"]
[Site "SchemingMind.com"]
[Date "2014.11.01"]
[Round "-"]
[White "Dinomat"]
[Black "Adrian Grajczak"]
[Result "1-0"]
[WhiteCountry "GER"]
[BlackCountry "POL"]
[WhiteElo "2438"]
[WhiteRD "124"]
[BlackElo "2218"]
[BlackRD "74"]
[GameID "368010"]

1. d4 Nf6 2. c4 g6 3. Nc3 Bg7 4. e4 d6 5. Be2 O-O 6. Nf3 e5 7. O-O Nc6 8. d5 Ne7 9. Ne1 Ne8 10. Nd3 f5
11. f3 c5 12. Be3 Nf6 13. a4 a5 14. Bd2 Bd7 15. b3 Kh8 16. Qc2 Rf7 17. Nb5 Qb6 18. Nf2 Raf8 19. Qc3 Ra8 20. Rab1 Ne8
21. Qc1 Nc7 22. Ra1 Na6 23. f4 exf4 24. Bc3 Nb4 25. Nh3 Bxb5 26. axb5 Bd4+ 27. Kh1 fxe4 28. Ng5 Rf5 29. Ne6 Re8 30. Rxf4 Re5
31. Rf7 Rf5 32. Bxd4+ cxd4 33. Rxf5 Nxf5 34. Qg5 Qa7 35. Qf6+ Kg8 36. Bh5 b6 37. Bxg6
1-0

[Event "8 Player Open 16"]
[Site "SchemingMind.com"]
[Date "2014.11.01"]
[Round "-"]
[White "Chessibelle"]
[Black "Dinomat"]
[Result "0-1"]
[WhiteCountry "ENG"]
[BlackCountry "GER"]
[WhiteElo "1212"]
[WhiteRD "55"]
[BlackElo "2383"]
[BlackRD "138"]
[GameID "368011"]

1. Nf3 c5 2. Nc3 Nc6 3. e4 g6 4. d3 Bg7 5. Bd2 d6 6. Nd5 Bxb2 7. Rb1 Bg7 8. Be2 e6 9. Nc3 d5 10. Bg5 Bxc3+
11. Nd2 Qxg5 12. g3 dxe4 13. dxe4 c4 14. O-O Bxd2 15. Bxc4 Nge7 16. Rb3 O-O 17. h4 Qa5 18. Qa1 Rd8 19. a3 Qc5 20. Bd3 Nd4
21. Rb5 Nxb5 22. a4 Nc3 23. Kg2 Rd4 24. f3 Rxa4 25. Qb2 b6 26. f4 Bb7 27. Kh3 Qe3 28. Kg2 Nxe4 29. Kh3 Qxg3#
0-1

[Event "8 Player Open 16"]
[Site "SchemingMind.com"]
[Date "2014.11.02"]
[Round "-"]
[White "Dinomat"]
[Black "Chessibelle"]
[Result "1-0"]
[WhiteCountry "GER"]
[BlackCountry "ENG"]
[WhiteElo "2383"]
[WhiteRD "138"]
[BlackElo "1212"]
[BlackRD "55"]
[GameID "368012"]

1. d4 d5 2. Nf3 Nf6 3. c4 e6 4. Nc3 Nc6 5. Bg5 Be7 6. e3 O-O 7. Bd3 g6 8. O-O Bd6 9. cxd5 Nb4 10. e4 Be7
11. dxe6 Bxe6 12. Be2 Bd7 13. a3 Nc6 14. d5 Nb8 15. Bh6 Re8 16. e5 Ng4 17. Bf4 Na6 18. b4 b6 19. Bxa6 Qb8 20. h3 Nxe5
21. Nxe5 Qd8 22. Nxd7 Qxd7 23. Bb5 Qf5 24. Bxc7 Qf6 25. Ne4 Qf5 26. Bxe8 Rxe8 27. Re1 Qc8 28. d6 Bh4 29. d7
1-0

[Event "8 Player Open 16"]
[Site "SchemingMind.com"]
[Date "2014.11.01"]
[Round "-"]
[White "frankly"]
[Black "Dinomat"]
[Result "1/2-1/2"]
[WhiteCountry "ENG"]
[BlackCountry "GER"]
[WhiteElo "2395"]
[WhiteRD "63"]
[BlackElo "2365"]
[BlackRD "220"]
[GameID "368013"]

1. d4 Nf6 2. c4 e6 3. Nf3 c5 4. d5 b5 5. e4 Nxe4 6. Bd3 Nf6 7. dxe6 fxe6 8. cxb5 Be7 9. O-O O-O 10. a4 a6
11. Na3 d5 12. b3 axb5 13. Nxb5 Nc6 14. Qe2 Bd7 15. Bb2 Nb4 16. Bb1 d4 17. Ne5 g6 18. g3 Nfd5 19. Be4 Rc8 20. Rfe1 Bf6
21. Nxd7 Qxd7 22. Rad1 e5 23. Qc4 Kh8 24. Bb1 Nf4=
1/2-1/2

[Event "8 Player Open 16"]
[Site "SchemingMind.com"]
[Date "2014.11.01"]
[Round "-"]
[White "Dinomat"]
[Black "frankly"]
[Result "1-0"]
[WhiteCountry "GER"]
[BlackCountry "ENG"]
[WhiteElo "2383"]
[WhiteRD "138"]
[BlackElo "2403"]
[BlackRD "62"]
[GameID "368014"]

1. c4 e5 2. Nc3 Nc6 3. g3 Nf6 4. Bg2 Bc5 5. e3 O-O 6. a3 d6 7. Nge2 a5 8. O-O Bb6 9. d4 Bf5 10. h3 Re8
11. g4 Bg6 12. b3 h5 13. g5 exd4 14. exd4 Ne4 15. Nd5 h4 16. Nxb6 cxb6 17. d5 Ne5 18. Nd4 Nc3 19. Qd2 Ne4 20. Qf4 Nd3
21. Qxh4 b5 22. Be3 a4 23. Ne6 fxe6 24. Bxe4 Bxe4 25. Qxe4 Nc5 26. Qg4 exd5 27. b4 Re4 28. Qf3 Nd7 29. cxd5 Qe7 30. Rac1 Rf8
31. Qh5 Ne5 32. f4 Rxe3 33. fxe5 Rxe5 34. Rxf8+ Qxf8 35. Qg4 Qf7= 36. g6
1-0